|
|
|
|
| LEADER |
00000nam0a2200000 4500 |
| 001 |
185984 |
| 005 |
20240708140035.0 |
| 035 |
|
|
|a (RuTPU)RU\TPU\book\201805
|
| 035 |
|
|
|a RU\TPU\book\68309
|
| 090 |
|
|
|a 185984
|
| 100 |
|
|
|a 20101020d2010 m y0rusy50 ca
|
| 101 |
0 |
|
|a rus
|
| 102 |
|
|
|a RU
|
| 105 |
|
|
|a a j 001zy
|
| 200 |
1 |
|
|a Управление проектами
|e учебное пособие
|f А. А. Дульзон
|g Национальный исследовательский Томский политехнический университет (ТПУ)
|
| 205 |
|
|
|a 3-е изд., перераб. и доп.
|
| 210 |
|
|
|a Томск
|c Изд-во ТПУ
|d 2010
|
| 215 |
|
|
|a 335 с.
|c ил.
|
| 320 |
|
|
|a Библиогр.: с. 312-316.
|
| 320 |
|
|
|a Глоссарий: с. 317-319.
|
| 330 |
|
|
|a В учебном пособии, которое соответствует программе курса "Управление проектами", в компактной форме изложены основные сведения обо всех фазах управления проектами от их подготовки до завершения. Курс читается в Институте международного менеджмента Томского политехнического университета. Для студентов вузов и всех, кто интересуется управлением проектами.
|
| 452 |
|
1 |
|0 (RuTPU)RU\TPU\book\219401
|t Управление проектами
|o учебное пособие
|f А. А. Дульзон
|g Национальный исследовательский Томский политехнический университет (ТПУ)
|e 3-е изд., перераб. и доп.
|c Томск
|n Изд-во ТПУ
|d 2010
|a Дульзон, Альфред Андреевич
|
| 606 |
1 |
|
|a Проектный менеджмент
|2 stltpush
|3 (RuTPU)RU\TPU\subj\69898
|9 84559
|
| 610 |
1 |
|
|a экономика
|
| 610 |
1 |
|
|a управление
|
| 610 |
1 |
|
|a проекты
|
| 610 |
1 |
|
|a подготовка
|
| 610 |
1 |
|
|a дизайн
|
| 610 |
1 |
|
|a планирование
|
| 610 |
1 |
|
|a риски
|
| 610 |
1 |
|
|a информационные технологии
|
| 610 |
1 |
|
|a учебные пособия
|
| 610 |
1 |
|
|a труды учёных ТПУ
|
| 686 |
|
|
|a У9(2)212я73
|2 rubbk
|
| 700 |
|
1 |
|a Дульзон
|b А. А.
|c специалист в области техники высоких напряжений, управления проектами, управления персоналом
|c профессор Томского политехнического университета, доктор технических наук
|f 1937-2019
|g Альфред Андреевич
|3 (RuTPU)RU\TPU\pers\21958
|9 9277
|
| 712 |
0 |
2 |
|a Национальный исследовательский Томский политехнический университет (ТПУ)
|c (2009- )
|3 (RuTPU)RU\TPU\col\15902
|
| 801 |
|
1 |
|a RU
|b 63413507
|c 20040531
|g PSBO
|
| 801 |
|
2 |
|a RU
|b 63413507
|c 20220211
|g PSBO
|
| 942 |
|
|
|c BK
|